The World's 50 Largest Cities by Letter - G - Statistics

General Stats
  • This quiz has been taken 3,066 times
    1,970 since last reset
  • The average score is 20 of 50
Answers on the Map
Answers color-coded by a green-red scale on the quiz's map according to % correct below.
 
Answer Stats
# Population Country Urban Area % Correct
11 1,790,499 United Kingdom Glasgow
95%
1 48,225,763 China Guangzhou
93%
2 5,268,642 Mexico Guadalajara
92%
4 3,410,652 Guatemala Guatemala City
91%
20 987,006 Poland Gdańsk - Gdynia
86%
30 717,077 Italy Genoa
85%
23 941,867 Sweden Gothenburg
83%
35 628,343 Switzerland Geneva
82%
8 2,226,500 Palestine Gaza
81%
6 3,211,773 Ecuador Guayaquil
73%
24 923,447 Belgium Ghent
72%
42 503,401 Spain Granada
69%
41 534,742 Botswana Gaborone
67%
45 474,838 Austria Graz
67%
28 735,213 Australia Gold Coast
62%
29 733,659 United States Greensboro
59%
36 617,504 France Grenoble
59%
9 2,205,197 Malaysia George Town
57%
27 759,630 United States Grand Rapids
53%
12 1,705,850 Turkey Gaziantep
49%
7 2,574,943 Brazil Goiânia
45%
32 690,630 Belarus Gomel
43%
44 497,531 United Kingdom Gloucester
42%
39 546,777 United States Greenville
37%
13 1,661,928 South Korea Gwangju
33%
5 3,396,145 China Guiyang
31%
3 3,679,633 Pakistan Gujranwala
31%
25 782,000 D.R. Congo Goma
26%
17 1,309,551 China Guilin
19%
18 1,133,437 Pakistan Gujrat
19%
14 1,538,170 India Gwalior
17%
16 1,530,054 China Ganzhou
15%
15 1,537,329 India Guwahati
15%
33 646,172 Philippines General Santos
13%
48 466,000 Ethiopia Gondar
13%
26 768,467 Turkey Gebze
10%
34 636,925 Cameroon Garoua
9%
10 1,881,892 India Gorakhpur
9%
37 575,479 Indonesia Gorontalo
9%
22 953,065 India Gaya
8%
38 560,000 Nigeria Gombe
8%
21 970,499 India Guntur
8%
43 501,542 Somalia Galkayo
7%
47 468,097 South Korea Gumi
5%
49 459,869 Nigeria Gusau
4%
50 457,792 India Gandhidham
3%
40 535,645 China Gaozhou
3%
31 710,069 China Gaomi
2%
19 1,038,638 China Gongyi
2%
46 471,957 China Guang'an
2%
No matching quizzes found
Score Distribution
Percent of People with Each Score
Percentile by Number Answered
Your Score History
You have not taken this quiz since the last reset